Pensar y ser
Enregistré dans:
| Auteur principal: | |
|---|---|
| Format: | Livre |
| Langue: | espagnol |
| Publié: |
Madrid
Razón y Fé
1945
|
| Collection: | Biblioteca de Filosofía y Pedagogía
|
| Sujets: | |
| Tags: |
Ajouter un tag
Pas de tags, Soyez le premier à ajouter un tag!
|
MARC
| LEADER | 00000nam a2200000 a 4500 | ||
|---|---|---|---|
| 001 | UCZ4590 | ||
| 003 | CL-VaPUC | ||
| 008 | 951110e19450000SP |||||||||||||||||spa|d | ||
| 082 | 0 | 4 | |a 121 |b VRI |2 21 |
| 100 | 0 | |a Vries, José de |e author |9 348594 | |
| 245 | 1 | 0 | |a Pensar y ser |
| 300 | |a 295 p | ||
| 942 | |c BK | ||
| 945 | |d 19951110 00:00:00 |a cmena | ||
| 260 | |a Madrid |b Razón y Fé |c 1945 | ||
| 650 | 0 | |a Teoría del conocimiento |9 255038 | |
| 650 | 0 | |a Epistemología |9 264994 | |
| 650 | 7 | |a SER |2 CL-VaPUC |9 320176 | |
| 650 | 0 | |a Lógica |9 256849 | |
| 650 | 0 | |a Razón |9 314475 | |
| 650 | 0 | |a Metafísica |9 265649 | |
| 650 | 0 | |a Realismo |9 259117 | |
| 650 | 0 | |a Filosofía de las ciencias |9 256466 | |
| 650 | 0 | |a Conciencia |9 309452 | |
| 583 | |a last modification |c 20171122 12:17:06 |k Rodrigo Vera | ||
| 490 | 0 | |a Biblioteca de Filosofía y Pedagogía | |
| 999 | |c 240960 |d 240958 | ||
| 952 | |0 0 |1 0 |4 0 |6 121_000000000000000_VRI_1945 |7 0 |8 P |9 253090 |a BIBEDU |b BIBEDU |c BIBEDU_PB |d 2019-11-19 |i 1596225 |o 121 VRI 1945 |p 1596225 |r 2024-01-25 |w 2019-11-19 |y BK |k FIL | ||
| 952 | |0 0 |1 0 |4 0 |6 121_000000000000000_VRI_1945 |7 0 |8 P |9 253091 |a BIBEDU |b BIBEDU |c BIBEDU_PB |d 2019-11-19 |i 317252K |o 121 VRI 1945 |p 317252K |r 2024-01-25 |w 2019-11-19 |y BK |k FIL | ||
| 952 | |0 0 |1 0 |4 0 |6 121_000000000000000_VRI_1945 |7 0 |8 P |9 253092 |a BIBEDU |b BIBEDU |d 2019-11-19 |i 3129934 |o 121 VRI 1945 |p 3129934 |r 2024-01-25 |w 2019-11-19 |y BK |k FIL | ||